Anatomia człowieka - Statystyki

Ogólne statystyki
  • Ten quiz został rozwiązany 462 razy
  • Średni wynik to 26 z 41
Statystyki odpowiedzi
% Poprawnych
Kość
86%
Serce
86%
Jelito
85%
Żołądek
83%
Płuco
82%
Wątroba
81%
Żyła
81%
Mózg
79%
Tętnica
79%
Nerw
78%
Jajnik
77%
Macica
77%
Mięsień
77%
Przełyk
77%
Gardło
75%
Gardło
75%
Jądro
74%
Nerka
73%
Jama nosowa
72%
Jama ustna
72%
Odbyt
70%
Pęcherz moczowy
69%
Trzustka
67%
Cewka moczowa
66%
Tchawica
65%
Pochwa
64%
Jajowód
61%
Prącie
60%
Staw
58%
Krtań
56%
Rdzeń kręgowy
56%
Oskrzele
51%
Moczowód
47%
Nasieniowód
45%
Chrząstka
39%
Pęcherzyk żółciowy
36%
Prostata
35%
Więzadło
31%
Przepona
28%
Najądrze
21%
Srom
19%
Nie znaleziono quizów pasujących do podanych kryteriów
Rozkład punktacji
Procent ludzi z każdym wynikiem
Percentyl według liczby udzielonych odpowiedzi
Twoja historia wyników
Nie rozwiązałeś tego quizu